000 00323 a2200133 4500
999 _c325227
_d325227
001 90154
003 NUST
082 _a297.4 AHM
100 _aAhmad Rafiq Akhtar
_99785
245 _aMaawraaiy Saraab
_hUrdu
260 _aLahore
_bSang-e-Meel Publications
_c2013
300 _a288 p.
500 _aGeneral Books
942 _aCAE NUST
_cBK
_k297.4 AHM
_2ddc